000 00264nam a2200097Ia 4500
001 1049245
005 20250826232309.0
008 250824s9999 xx 000 0 und d
245 0 _aYAKIN TARİHİNİN KARA DELİKLERİ
_cMUSTAFA ARMAĞAN
260 _bKETEBE YAYINLARI
999 _c1049245
_d1049245